<?xml version="1.0" encoding="UTF-8"?>
<record
    xmlns:xsi="http://www.w3.org/2001/XMLSchema-instance"
    xsi:schemaLocation="http://www.loc.gov/MARC21/slim http://www.loc.gov/standards/marcxml/schema/MARC21slim.xsd"
    xmlns="http://www.loc.gov/MARC21/slim">

  <leader>02001nam1a2200301 i 4500</leader>
  <controlfield tag="001">v19\rc\1269486</controlfield>
  <controlfield tag="005">20260406144347.0</controlfield>
  <datafield tag="035" ind1=" " ind2=" ">
    <subfield code="a">(NLR Aleph) 005189944</subfield>
  </datafield>
  <datafield tag="090" ind1=" " ind2=" ">
    <subfield code="a">5202219</subfield>
    <subfield code="c">5202219</subfield>
  </datafield>
  <datafield tag="100" ind1=" " ind2=" ">
    <subfield code="a">20060306d1895    km|y0rusy50      ca</subfield>
  </datafield>
  <datafield tag="101" ind1="0" ind2=" ">
    <subfield code="a">rus</subfield>
  </datafield>
  <datafield tag="102" ind1=" " ind2=" ">
    <subfield code="a">RU</subfield>
  </datafield>
  <datafield tag="105" ind1=" " ind2=" ">
    <subfield code="a">|   z   |||||</subfield>
  </datafield>
  <datafield tag="200" ind1="1" ind2=" ">
    <subfield code="a">&#x422;&#x440;&#x443;&#x434;&#x44B; &#x41A;&#x43E;&#x43C;&#x438;&#x442;&#x435;&#x442;&#x430; &#x43F;&#x43E; &#x443;&#x441;&#x442;&#x440;&#x43E;&#x439;&#x441;&#x442;&#x432;&#x443; C&#x435;&#x43B;&#x44C;&#x441;&#x43A;&#x43E;-&#x445;&#x43E;&#x437;&#x44F;&#x439;&#x441;&#x442;&#x432;&#x435;&#x43D;&#x43D;&#x43E;&#x439; &#x438; &#x43A;&#x443;&#x441;&#x442;&#x430;&#x440;&#x43D;&#x43E;&#x439; &#x432;&#x44B;&#x441;&#x442;&#x430;&#x432;&#x43A;&#x438; &#x432; &#x433;. &#x41A;&#x443;&#x440;&#x433;&#x430;&#x43D;&#x435; &#x432; 1895 &#x433;.</subfield>
  </datafield>
  <datafield tag="210" ind1=" " ind2=" ">
    <subfield code="a">&#x422;&#x43E;&#x431;&#x43E;&#x43B;&#x44C;&#x441;&#x43A;</subfield>
    <subfield code="c">&#x422;&#x438;&#x43F;&#x43E;&#x433;&#x440;&#x430;&#x444;&#x438;&#x44F; &#x415;&#x43F;&#x430;&#x440;&#x445;&#x438;&#x430;&#x43B;&#x44C;&#x43D;&#x43E;&#x433;&#x43E; &#x431;&#x440;&#x430;&#x442;&#x441;&#x442;&#x432;&#x430;</subfield>
    <subfield code="d">1895</subfield>
  </datafield>
  <datafield tag="215" ind1=" " ind2=" ">
    <subfield code="d">20</subfield>
  </datafield>
  <datafield tag="311" ind1=" " ind2=" ">
    <subfield code="a">&#x41F;&#x440;&#x438;&#x43B;. &#x43A; "&#x415;&#x436;&#x435;&#x433;&#x43E;&#x434;&#x43D;&#x438;&#x43A;&#x443; &#x422;&#x43E;&#x431;&#x43E;&#x43B;&#x44C;&#x441;&#x43A;&#x43E;&#x433;&#x43E; &#x433;&#x443;&#x431;&#x435;&#x440;&#x43D;&#x441;&#x43A;&#x43E;&#x433;&#x43E; &#x43C;&#x443;&#x437;&#x435;&#x44F;"</subfield>
  </datafield>
  <datafield tag="316" ind1=" " ind2=" ">
    <subfield code="a">&#x42D;&#x43A;&#x437;. &#x420;&#x41D;&#x411;: &#x432;&#x44B;&#x43F;&#x443;&#x441;&#x43A;&#x438; &#x43F;&#x440;&#x438;&#x43F;&#x43B;&#x435;&#x442;&#x435;&#x43D;&#x44B; &#x43A; &#x441;&#x43E;&#x43E;&#x442;&#x432;. &#x432;&#x44B;&#x43F;. "&#x415;&#x436;&#x435;&#x433;&#x43E;&#x434;&#x43D;&#x438;&#x43A;&#x430; &#x422;&#x43E;&#x431;&#x43E;&#x43B;&#x44C;&#x441;&#x43A;&#x43E;&#x433;&#x43E; &#x433;&#x443;&#x431;&#x435;&#x440;&#x43D;&#x441;&#x43A;&#x43E;&#x433;&#x43E; &#x43C;&#x443;&#x437;&#x435;&#x44F;"</subfield>
    <subfield code="5">NLR: 38.26.8.45(&#x434;&#x43E;&#x431;.), 130/2410(&#x434;&#x43E;&#x431;.)</subfield>
  </datafield>
  <datafield tag="422" ind1=" " ind2="0">
    <subfield code="1">001v19\rc\1263879</subfield>
    <subfield code="9">5291953</subfield>
    <subfield code="a">&#x422;&#x43E;&#x431;&#x43E;&#x43B;&#x44C;&#x441;&#x43A;&#x438;&#x439; &#x433;&#x443;&#x431;&#x435;&#x440;&#x43D;&#x441;&#x43A;&#x438;&#x439; &#x43C;&#x443;&#x437;&#x435;&#x439;</subfield>
    <subfield code="c">&#x422;&#x43E;&#x431;&#x43E;&#x43B;&#x44C;&#x441;&#x43A;</subfield>
    <subfield code="d">1893-1919</subfield>
    <subfield code="f">&#x440;&#x435;&#x434;&#x430;&#x43A;&#x446;&#x438;&#x43E;&#x43D;&#x43D;&#x430;&#x44F; &#x43A;&#x43E;&#x43C;&#x438;&#x441;&#x441;&#x438;&#x44F; &#x435;&#x436;&#x435;&#x433;&#x43E;&#x434;&#x43D;&#x438;&#x43A;&#x430;: &#x43F;&#x440;&#x435;&#x434;&#x441;&#x435;&#x434;&#x430;&#x442;&#x435;&#x43B;&#x44C;&#x441;&#x442;&#x432;&#x443;&#x44E;&#x449;&#x438;&#x439; &#x41D;. &#x41C;. &#x411;&#x43E;&#x433;&#x434;&#x430;&#x43D;&#x43E;&#x432;&#x438;&#x447; [&#x438; &#x434;&#x440;.]</subfield>
    <subfield code="n">&#x413;&#x443;&#x431;&#x435;&#x440;&#x43D;&#x441;&#x43A;&#x430;&#x44F; &#x442;&#x438;&#x43F;&#x43E;&#x433;&#x440;&#x430;&#x444;&#x438;&#x44F;</subfield>
    <subfield code="t">&#x415;&#x436;&#x435;&#x433;&#x43E;&#x434;&#x43D;&#x438;&#x43A; &#x422;&#x43E;&#x431;&#x43E;&#x43B;&#x44C;&#x441;&#x43A;&#x43E;&#x433;&#x43E; &#x433;&#x443;&#x431;&#x435;&#x440;&#x43D;&#x441;&#x43A;&#x43E;&#x433;&#x43E; &#x43C;&#x443;&#x437;&#x435;&#x44F;, &#x441;&#x43E;&#x441;&#x442;&#x43E;&#x44F;&#x449;&#x435;&#x433;&#x43E; &#x43F;&#x43E;&#x434; &#x430;&#x432;&#x433;&#x443;&#x441;&#x442;&#x435;&#x439;&#x448;&#x438;&#x43C; &#x43F;&#x43E;&#x43A;&#x440;&#x43E;&#x432;&#x438;&#x442;&#x435;&#x43B;&#x44C;&#x441;&#x442;&#x432;&#x43E;&#x43C; &#x433;&#x43E;&#x441;&#x443;&#x434;&#x430;&#x440;&#x44F; &#x43D;&#x430;&#x441;&#x43B;&#x435;&#x434;&#x43D;&#x438;&#x43A;&#x430; &#x446;&#x435;&#x441;&#x430;&#x440;&#x435;&#x432;&#x438;&#x447;&#x430;</subfield>
  </datafield>
  <datafield tag="710" ind1="1" ind2="2">
    <subfield code="a">&#x422;&#x43E;&#x431;&#x43E;&#x43B;&#x44C;&#x441;&#x43A;&#x430;&#x44F; &#x433;&#x443;&#x431;&#x435;&#x440;&#x43D;&#x441;&#x43A;&#x430;&#x44F; &#x441;&#x435;&#x43B;&#x44C;&#x441;&#x43A;&#x43E;&#x445;&#x43E;&#x437;&#x44F;&#x439;&#x441;&#x442;&#x432;&#x435;&#x43D;&#x43D;&#x430;&#x44F; &#x438; &#x43A;&#x443;&#x441;&#x442;&#x430;&#x440;&#x43D;&#x43E;-&#x43F;&#x440;&#x43E;&#x43C;&#x44B;&#x448;&#x43B;&#x435;&#x43D;&#x43D;&#x430;&#x44F; &#x432;&#x44B;&#x441;&#x442;&#x430;&#x432;&#x43A;&#x430;</subfield>
    <subfield code="f">1895</subfield>
    <subfield code="e">&#x41A;&#x443;&#x440;&#x433;&#x430;&#x43D;</subfield>
    <subfield code="b">&#x41A;&#x43E;&#x43C;&#x438;&#x442;&#x435;&#x442; &#x43F;&#x43E; &#x443;&#x441;&#x442;&#x440;&#x43E;&#x439;&#x441;&#x442;&#x432;&#x443;</subfield>
    <subfield code="3">RU\NLR\AUTH\889923697</subfield>
    <subfield code="9">343323</subfield>
  </datafield>
  <datafield tag="801" ind1=" " ind2="0">
    <subfield code="a">RU</subfield>
    <subfield code="b">NLR</subfield>
    <subfield code="c">20060306</subfield>
    <subfield code="g">psbo</subfield>
  </datafield>
  <datafield tag="801" ind1=" " ind2="1">
    <subfield code="a">RU</subfield>
    <subfield code="b">ProSoft-M</subfield>
    <subfield code="c">20060306</subfield>
    <subfield code="2">rusmarc</subfield>
  </datafield>
  <datafield tag="801" ind1=" " ind2="2">
    <subfield code="a">RU</subfield>
    <subfield code="b">NLR</subfield>
    <subfield code="c">20091201</subfield>
    <subfield code="2">rusmarc</subfield>
  </datafield>
  <datafield tag="852" ind1=" " ind2=" ">
    <subfield code="a">NLR</subfield>
    <subfield code="j">38.26.8.45(&#x434;&#x43E;&#x431;.)</subfield>
  </datafield>
  <datafield tag="852" ind1=" " ind2=" ">
    <subfield code="a">NLR</subfield>
    <subfield code="j">130/2410(&#x434;&#x43E;&#x431;.)</subfield>
  </datafield>
  <datafield tag="852" ind1=" " ind2=" ">
    <subfield code="a">NLR</subfield>
    <subfield code="j">20.100.6.13</subfield>
  </datafield>
  <datafield tag="942" ind1=" " ind2=" ">
    <subfield code="c">BOOK</subfield>
  </datafield>
</record>
